| 000 | 01307nab a22002657a 4500 | ||
|---|---|---|---|
| 999 |
_c5624 _d5624 |
||
| 003 | OSt | ||
| 005 | 20251222233128.0 | ||
| 008 | 190429b xxu||||| |||| 00| 0 spa d | ||
| 040 | _cPJ | ||
| 100 |
_96598 _aTaboada, María Laura V. |
||
| 245 | 1 | 0 |
_aDerecho de la víctima a recurrir y límites de las nulidades procesales. Revocación de la nulidad del dictamen fiscal en etapa intermedia / _cMaría Laura V. Taboada. |
| 260 |
_cCiudad Autónoma de Buenos Aires : _aThomson Reuters La Ley, _b2025. |
||
| 300 | _ap. 114-116 | ||
| 500 | _aCita: TR LALEY AR/DOC/2856/2025. | ||
| 505 | _a Sumario: I. El fin declamado y los motivos subyacentes.— II. Análisis.— III. Impacto y proyección.— IV. Conclusión. | ||
| 505 | _aFallo comentado: CGarantías en lo Penal, Bahía Blanca, Sala I ~ 02/07/2025 ~ M. s/ queja. | ||
| 505 | _tSi te interesa el texto completo, solicitalo a koha@justierradelfuego.gov.ar | ||
| 650 | 0 |
_9343 _aDERECHO PENAL |
|
| 650 | 0 |
_92348 _aPROCESO PENAL |
|
| 650 | 0 |
_92151 _aNULIDAD PROCESAL |
|
| 650 | 0 |
_94885 _aDERECHOS DE LA VÍCTIMA |
|
| 650 | 0 |
_93637 _aTUTELA JUDICIAL EFECTIVA |
|
| 773 | 0 |
_02658 _93164 _tRevista de derecho penal y criminología. Nº 11 - Diciembre 2025 _dCiudad Autónoma de Buenos Aires : Thomson Reuters La Ley, 2017- _x00347914 |
|
| 942 |
_2udc _cANA |
||